Basic Human Embryology. (Record no. 4081)

MARC details
000 -LEADER
fixed length control field 00564nam a22002057a 4500
003 - CONTROL NUMBER IDENTIFIER
control field OSt
005 - DATE AND TIME OF LATEST TRANSACTION
control field 20160517151952.0
008 - FIXED-LENGTH DATA ELEMENTS--GENERAL INFORMATION
fixed length control field 160517b xxu||||| |||| 00| 0 eng d
020 ## - INTERNATIONAL STANDARD BOOK NUMBER
International Standard Book Number 044303896
040 ## - CATALOGING SOURCE
Transcribing agency DLMN.
082 ## - DEWEY DECIMAL CLASSIFICATION NUMBER
Classification number QS604S53b 1984.
100 ## - MAIN ENTRY--PERSONAL NAME
Personal name Smith,C.P.Wendell; Williams,P.L;Treadgold,sylvia.
9 (RLIN) 8850
245 ## - TITLE STATEMENT
Title Basic Human Embryology.
250 ## - EDITION STATEMENT
Edition statement 3rd ed.
260 ## - PUBLICATION, DISTRIBUTION, ETC. (IMPRINT)
Place of publication, distribution, etc. UK.
Name of publisher, distributor, etc. Churchill Livingstone.
Date of publication, distribution, etc. 1984.
300 ## - PHYSICAL DESCRIPTION
Extent 176p;
Other physical details col,ill;
Dimensions 26cm.
504 ## - BIBLIOGRAPHY, ETC. NOTE
Bibliography, etc appendix and index are included.
650 ## - SUBJECT ADDED ENTRY--TOPICAL TERM
Topical term or geographic name as entry element Biology.
9 (RLIN) 5602
942 ## - ADDED ENTRY ELEMENTS (KOHA)
Source of classification or shelving scheme Other/Generic Classification Scheme
Koha item type Open Shelf
Holdings
Withdrawn status Lost status Source of classification or shelving scheme Damaged status Not for loan Home library Current library Date acquired Source of acquisition Inventory number Total Checkouts Total Renewals Full call number Barcode Date last seen Date last checked out Koha item type
    Other/Generic Classification Scheme     MUST Main Library MUST Main Library 17/05/2016 Purchase 5825 1 1 QS604 S53b 1984. 2016-1987 27/05/2021 17/03/2021 Open Shelf
    Other/Generic Classification Scheme     MUST Main Library MUST Main Library 20/05/2016 Purchase 4170     QS604 S53b 1984. 2016-2048 20/05/2016   Open Shelf
    Other/Generic Classification Scheme     MUST Main Library MUST Main Library 02/10/2019 Purchase 4071     QS604 S53b 1984. 2019-0500 02/10/2019   Open Shelf